Educación transformadora 2: una guía para facilitadores de la comunidad
Este volumen se enfoca en las destrezas necesarias para la educación basada en la participación. Indicando que para romper con la cultura del silencio, las personas necesitan desarrollar un sentido de confianza en sí mismas.
Saved in:
| Hovedforfatter: | |
|---|---|
| Andre forfattere: | , |
| Format: | Bog |
| Sprog: | Spanish |
| Udgivet: |
Ciudad de Guatemala:
Ediciones Semilla/Clara,
1992
|
| Serier: | Educación transformadora
|
| Fag: | |
| Online adgang: | Enlace del recurso |
| Tags: |
Tilføj Tag
Ingen Tags, Vær først til at tagge denne postø!
|
MARC
| LEADER | 00000nam a2200000 a 4500 | ||
|---|---|---|---|
| 001 | 001262 | ||
| 008 | 030829s1992 gt # fr# #000|0#spa#d | ||
| 041 | 0 | |a spa | |
| 043 | |a ncgt-- | ||
| 082 | 0 | 4 | |a 374.1 |b H562ed |
| 100 | 1 | |a Hope, A. | |
| 245 | 1 | 0 | |a Educación transformadora 2: |b una guía para facilitadores de la comunidad |c A. Hope; S. Timmel; C. Hodzi |
| 260 | |a Ciudad de Guatemala: |b Ediciones Semilla/Clara, |c 1992 | ||
| 300 | |a 131 p. | ||
| 440 | 0 | |a Educación transformadora | |
| 520 | 3 | |a Este volumen se enfoca en las destrezas necesarias para la educación basada en la participación. Indicando que para romper con la cultura del silencio, las personas necesitan desarrollar un sentido de confianza en sí mismas. | |
| 650 | 1 | 4 | |a EDUCACIÓN DE ADULTOS |
| 650 | 1 | 4 | |a DESARROLLO DE LA COMUNIDAD |
| 700 | 1 | |a Timmel, S. | |
| 700 | 1 | |a Hodzi, C. | |
| 999 | |c 3414 |d 3414 | ||
| 856 | |u https://catalogo.idep.edu.co/cgi-bin/koha/opac-detail.pl?biblionumber=3414 |z Enlace del recurso | ||